| 000 | 00477nam a2200181Ia 4500 | ||
|---|---|---|---|
| 005 | 20250423101400.0 | ||
| 008 | 250422s9999 xx 000 0 und d | ||
| 020 | _a0900689218 | ||
| 050 | _aBS 1223 .H47/ | ||
| 245 | 4 | _aThe Pentateuch and Haftorahs : hebrew text, English translation and commentary | |
| 250 | _a2nd ed. | ||
| 260 | _aLondon | ||
| 260 | _bSoncino Press | ||
| 260 | _c1981 | ||
| 300 | _a990 p | ||
| 650 | _aBible. Pentateuch--Commentaries. | ||
| 942 | _cBK | ||
| 999 |
_c36144 _d36144 |
||